000 00766nam a2200205 a 4500
003 0
005 20250218092044.0
008 110617s19uu xx 00 eng d
050 _aPHS SB 317.R3
_b.V61 2011
100 _aVersoza, Juan Paolo Y.
245 _aRadish extract as a molluscide /
_cJuan Paolo Y. Versoza.
260 _aLas PiƱas City, Philippines :
_bSouthville International School and Colleges,
_c2011.
300 _a20 pages :
_billustrations ;
_c28 cm.
504 _aIncludes bibliographical references.
650 _aRadish (Raphanus sativus)
_xExtracts
_vPesticidal properties.
650 _aMolluscicides
_xNatural alternatives.
650 _aBiological pest control
_xMollusks.
650 _aPlant extracts
_xAgricultural use.
942 _2lcc
_cPASS
999 _c98534
_d98534